书目信息 |
| 题名: |
收音机和电视机优选电路
|
|
| 作者: | 普雷斯廷 编著 ;萧枝萱 , 董培艺 译 | |
| 分册: | ||
| 出版信息: | 北京 人民邮电出版社 1989.2 |
|
| 页数: | 275页 | |
| 开本: | 20cm | |
| 丛书名: | ||
| 单 册: | ||
| 中图分类: | TN85 | |
| 科图分类: | ||
| 主题词: | 收音机--电子电路 , 电视电路 | |
| 电子资源: | ||
| ISBN: | 7-115-03697-7 | |
| 000 | 00907cam0 2200277 450 | |
| 001 | 0100269302 | |
| 005 | 20060621140911.0 | |
| 010 | @a7-115-03697-7@dCNY3.65 | |
| 011 | @a7-115-03697-7 | |
| 100 | @a19900816d1989 m y0chiy0110 ea | |
| 101 | 1 | @achi@cger |
| 102 | @aCN@b110000 | |
| 105 | @ay z 000yy | |
| 106 | @ar | |
| 200 | 1 | @a收音机和电视机优选电路@9Shou Yin Ji He;Huo;Hu Dian Shi Ji You Xuan Dian Lu @f(联邦德国)普雷斯廷(Prestin,U.)编著@g萧枝萱,董培芝等译@b专著 |
| 210 | @a北京@c人民邮电出版社@d1989.2 | |
| 215 | @a275页@d20cm | |
| 510 | 1 | @aStandardschaltungen der Rundrunkund Fefrnsehtechnik@zeng |
| 606 | 0 | @a收音机@x电子电路 |
| 606 | 0 | @a电视电路 |
| 690 | @aTN85@v1980 | |
| 701 | 0 | @a普雷斯廷@9pu lei si ting@c(Prestin,U.)@4编著 |
| 702 | 0 | @a萧枝萱@9xiao zhi xuan@4译 |
| 702 | 0 | @a董培艺@9dong pei yi@4译 |
| 801 | 0 | @aCN@bAiZhiMarc@c19900816 |
| 905 | @aBZT@dTN85@e6@f3@sTN85/6 | |
| 收音机和电视机优选电路/(联邦德国)普雷斯廷(Prestin,U.)编著/萧枝萱,董培芝等译.-北京:人民邮电出版社,1989.2 |
| 275页;20cm |
| ISBN 7-115-03697-7:CNY3.65 |
| ● |
| 相关链接 |
|
|
|
正题名:收音机和电视机优选电路
索取号:TN85/6
 
预约/预借
| 序号 | 登录号 | 条形码 | 馆藏地/架位号 | 状态 | 备注 |
| 1 | 2000041161 | 2000041161 | 旧书回溯/ [索取号:TN85/6] | 在馆 | |
| 2 | 2000041162 | 2000041162 | 旧书回溯/ [索取号:TN85/6] | 在馆 | |
| 3 | 2000041163 | 2000041163 | 旧书回溯/ [索取号:TN85/6] | 在馆 |